[Event "HUN-ch rapid"]
[Site "Ajka"]
[Date "2019.07.19"]
[Round "2"]
[White "Amrein, Roland"]
[Black "Gledura, Benjamin"]
[Result "0-1"]
[WhiteElo "2198"]
[BlackElo "2654"]
[PlyCount "76"]
[EventDate "2019.07.19"]
[EventType "swiss (rapid)"]
[EventRounds "13"]
[EventCountry "HUN"]
[SourceTitle "CBM 191 Extra"]
[Source "ChessBase"]
[SourceDate "2019.09.30"]
[SourceVersion "1"]
[SourceVersionDate "2019.09.30"]
[SourceQuality "1"]

1. e4 c5 2. Nf3 Nc6 3. Bb5 Nf6 4. Nc3 g6 5. e5 Ng4 6. Bxc6 dxc6 7. h3 Nh6 8. Ne4 b6 9. Qe2 Bg7 10. Nf6+ Kf8 11. Ne4 Nf5 12. d3 Nd4 13. Nxd4 cxd4 14. f4 f5 15. Ng5 h6 16. Nf3 Qd5 17. c4 dxc3 18. bxc3 c5 19. c4 Qc6 20. a4 Bb7 21. 0-0 Kf7 22. Bb2 e6 23. Ra3 Rad8 24. Rfa1 Bf8 25. Kh2 Be7 26. Ne1 Rhg8 27. Nc2 g5 28. fxg5 Rxg5 29. Rg1 Rdg8 30. Ne1 R5g6 31. Bc1 Bg5 32. Bd2 Qc7 33. Ra2 Qd8 34. Nf3 Bxd2 35. Rxd2 Rg3 36. Ne1 Qh4 37. Rf1 Rxh3+ 38. gxh3 Qg3# 0-1

[Event "HUN-chT2 Charousek 1819"]
[Site "Hungary"]
[Date "2018.12.02"]
[Round "5.6"]
[White "Goczo, Melinda"]
[Black "Amrein, Roland"]
[Result "0-1"]
[WhiteElo "2200"]
[BlackElo "2206"]
[PlyCount "188"]
[EventDate "2018.09.23"]
[EventType "team-tourn"]
[EventRounds "11"]
[EventCountry "HUN"]
[SourceTitle "CBM 189 Extra"]
[Source "ChessBase"]
[SourceDate "2019.06.03"]
[SourceVersion "1"]
[SourceVersionDate "2019.06.03"]
[SourceQuality "1"]
[WhiteTeam "Biatorbagy"]
[BlackTeam "Komlo Banyasz"]
[WhiteTeamCountry "HUN"]
[BlackTeamCountry "HUN"]

1. d4 Nf6 2. Nf3 g6 3. c4 Bg7 4. g3 0-0 5. Bg2 d6 6. 0-0 Nbd7 7. Nc3 e5 8. Qc2 exd4 9. Nxd4 Nb6 10. Rd1 c6 11. b3 Qe7 12. e4 a6 13. Bf4 Rd8 14. Re1 Ng4 15. Rad1 Ne5 16. Qc1 Nbd7 17. Bg5 f6 18. Be3 Nc5 19. Qc2 a5 20. h3 h5 21. f4 Nf7 22. Bf2 Nh6 23. Nf3 Be6 24. Bd4 Qf8 25. Nh4 Bf7 26. Qf2 Nd7 27. Qd2 Re8 28. Bf2 Kh7 29. Qxd6 Qxd6 30. Rxd6 Nf8 31. Red1 Bg8 32. Bb6 Nf7 33. R6d2 Ne6 34. Nf3 Bf8 35. Na4 Bb4 36. Rd7 Rab8 37. Kh2 Nf8 38. Rc7 Ne6 39. Rcd7 Nf8 40. R7d4 Ne6 41. R4d3 Re7 42. Nd4 h4 43. Nxe6 Rxe6 44. gxh4 Bd6 45. Rxd6 Nxd6 46. Bc7 Rc8 47. Bxd6 b5 48. Nb6 Rce8 49. c5 Rxe4 50. Bxe4 Rxe4 51. Rd2 Be6 52. h5 gxh5 53. f5 Bxf5 54. Bg3 Re3 55. h4 Kg6 56. Rb2 Be6 57. Bf2 Rc3 58. Re2 Kf5 59. Na8 Bd5 60. Nc7 Be4 61. Ne6 Bd5 62. Be1 Rd3 63. Nc7 Bf3 64. Rd2 Re3 65. Bf2 Rc3 66. Ne8 Kf4 67. Rd4+ Ke5 68. Rd6 Rc2 69. Kg3 Bh1 70. Nxf6 Rxa2 71. Nd7+ Ke4 72. Rd1 Rb2 73. Rxh1 Rxb3+ 74. Kg2 a4 75. Re1+ Kf4 76. Ne5 a3 77. Nxc6 a2 78. Bd4 Rb1 79. Kf2 b4 80. Be5+ Kf5 81. Nxb4 Rxb4 82. c6 Rxh4 83. c7 Rc4 84. Bh2 Rc6 85. Kg3 Rxc7 86. Kg2 Rc2+ 87. Kg1 Rb2 88. Rf1+ Ke4 89. Re1+ Kd5 90. Rd1+ Kc4 91. Be5 Rb1 92. Rf1 h4 93. Kf2 h3 94. Ke2 h2 0-1

[Event "HUN-chT2 Charousek 1516"]
[Site "Hungary"]
[Date "2016.02.14"]
[Round "5.3"]
[White "Amrein, Roland"]
[Black "Terbe, Julianna"]
[Result "0-1"]
[WhiteElo "2299"]
[BlackElo "2209"]
[PlyCount "68"]
[EventDate "2015.10.18"]
[EventType "team-tourn"]
[EventRounds "9"]
[EventCountry "HUN"]
[SourceTitle "EXT 2017"]
[Source "ChessBase"]
[SourceDate "2016.10.25"]
[SourceVersion "1"]
[SourceVersionDate "2016.10.25"]
[SourceQuality "1"]
[WhiteTeam "Komlo"]
[BlackTeam "Budapest MTK"]
[WhiteTeamCountry "HUN"]
[BlackTeamCountry "HUN"]

1. e4 c5 2. d4 cxd4 3. Nf3 Nc6 4. Nxd4 Nf6 5. Nc3 e5 6. Ndb5 d6 7. Bg5 a6 8. Na3 b5 9. Nd5 Be7 10. Bxf6 Bxf6 11. c3 Ne7 12. Nxf6+ gxf6 13. Nc2 Bb7 14. Bd3 d5 15. exd5 Qxd5 16. Ne3 Qe6 17. a4 Rd8 18. Qe2 e4 19. Bc2 b4 20. cxb4 Nc6 21. Qg4 Qxg4 22. Nxg4 Nxb4 23. Bb3 Nd3+ 24. Ke2 Nf4+ 25. Kf1 Rd2 26. Rb1 Ke7 27. Bc4 Rc8 28. Ne3 Nd3 29. Bxd3 exd3 30. h4 Rxb2 31. Rd1 a5 32. Kg1 Ba6 33. Rh3 d2 34. Nf5+ Kd7 0-1

[Event "HUN-chT2 Charousek 1314"]
[Site "Hungary"]
[Date "2014.04.27"]
[Round "11"]
[White "Amrein, Roland"]
[Black "Dankhazi, Andras"]
[Result "1/2-1/2"]
[WhiteElo "2236"]
[BlackElo "2171"]
[PlyCount "96"]
[EventDate "2013.09.08"]
[EventType "team-tourn"]
[EventRounds "11"]
[EventCountry "HUN"]
[SourceTitle "EXT 2016"]
[Source "ChessBase"]
[SourceDate "2015.10.08"]
[SourceVersion "1"]
[SourceVersionDate "2015.10.08"]
[SourceQuality "1"]
[WhiteTeam "Komlo Banyasz"]
[BlackTeam "Paks ASE II"]
[WhiteTeamCountry "HUN"]
[BlackTeamCountry "HUN"]

1. e4 e5 2. Bc4 Nf6 3. d3 c6 4. Nf3 d5 5. exd5 cxd5 6. Bb5+ Bd7 7. Bxd7+ Nbxd7 8. 0-0 Qc7 9. Re1 Bd6 10. c4 dxc4 11. dxc4 0-0 12. Nc3 Bb4 13. Qb3 Bxc3 14. Qxc3 Rfc8 15. Nxe5 Nxe5 16. Rxe5 Qxc4 17. Bd2 Qxc3 18. Bxc3 Re8 19. Rae1 Rxe5 20. Rxe5 Re8 21. Rxe8+ Nxe8 22. Bd4 a6 23. f3 f6 24. Kf2 Kf7 25. g4 Ke6 26. Ke3 g6 27. h4 h5 28. Ke4 Nd6+ 29. Kf4 Nf7 30. Ke4 Nd8 31. Bb6 Nc6 32. Bc5 b5 33. a3 Ne5 34. Bd4 Nf7 35. Bc3 hxg4 36. fxg4 g5 37. hxg5 fxg5 38. Bg7 Nd6+ 39. Kd4 Nc4 40. Kc5 Kd7 41. Bf6 Ne3 42. Bxg5 Nxg4 43. Kb6 Ne5 44. b3 Nd3 45. Be3 Kd6 46. b4 Nb2 47. Kxa6 Kc6 48. Bd4 Nc4 1/2-1/2

[Event "HUN-chT2 Charousek 1314"]
[Site "Hungary"]
[Date "2014.02.16"]
[Round "7"]
[White "Amrein, Roland"]
[Black "Marton, Jozsef"]
[Result "0-1"]
[WhiteElo "2236"]
[BlackElo "2176"]
[PlyCount "182"]
[EventDate "2013.09.08"]
[EventType "team-tourn"]
[EventRounds "11"]
[EventCountry "HUN"]
[SourceTitle "EXT 2016"]
[Source "ChessBase"]
[SourceDate "2015.10.08"]
[SourceVersion "1"]
[SourceVersionDate "2015.10.08"]
[SourceQuality "1"]
[WhiteTeam "Komlo Banyasz"]
[BlackTeam "Tapolca"]
[WhiteTeamCountry "HUN"]
[BlackTeamCountry "HUN"]

1. e4 c5 2. Nf3 e6 3. c3 d5 4. e5 Qb6 5. d4 Bd7 6. a3 Nc6 7. b4 c4 8. a4 f6 9. Na3 a5 10. b5 Nd8 11. g3 Nf7 12. Nc2 Qc7 13. Qe2 0-0-0 14. h4 Be7 15. Bh3 f5 16. Bxf5 exf5 17. e6 Be8 18. exf7 Bxf7 19. Bf4 Bd6 20. Bxd6 Rxd6 21. Ne3 Bh5 22. Qc2 f4 23. Qf5+ Kb8 24. Qxh5 Nf6 25. Qg5 fxe3 26. Qxe3 Re8 27. Ne5 Ng4 28. Qe2 Nxe5 29. dxe5 Rdd8 30. f4 d4 31. cxd4 Rxd4 32. Rd1 Qc5 33. Rxd4 Qxd4 34. Rh2 Qg1+ 35. Kd2 Rd8+ 36. Kc2 Qxg3 37. e6 Qb3+ 38. Kc1 Qa3+ 39. Kb1 Qb4+ 40. Kc1 Qc3+ 41. Kb1 Qb3+ 42. Kc1 c3 43. e7 Qa3+ 44. Kb1 Qb4+ 45. Kc1 Qxf4+ 46. Kb1 Qb4+ 47. Kc1 Qf4+ 48. Kb1 Re8 49. Rf2 Qb4+ 50. Kc1 Qxe7 51. Qxe7 Rxe7 52. b6 Kc8 53. Rf3 Re6 54. Rf7 Rxb6 55. Rxg7 h6 56. h5 Rb4 57. Rh7 Rxa4 58. Kc2 Rb4 59. Rxh6 Rh4 60. Rh8+ Kc7 61. h6 Kb6 62. h7 Kb5 63. Rb8 Rxh7 64. Kxc3 Rh3+ 65. Kb2 b6 66. Rg8 Rh5 67. Kb3 a4+ 68. Ka3 Rh3+ 69. Kb2 Rb3+ 70. Ka2 Rc3 71. Rg6 Rc6 72. Rg4 Ka5 73. Ka3 b5 74. Rh4 b4+ 75. Kb2 Rc5 76. Rh8 Rg5 77. Rb8 Rg2+ 78. Kb1 a3 79. Ra8+ Kb5 80. Rh8 Ka4 81. Rh3 b3 82. Rh4+ Kb5 83. Rh1 Rb2+ 84. Ka1 Rc2 85. Rg1 Kb4 86. Rg4+ Rc4 87. Rg1 b2+ 88. Ka2 Rc1 89. Rg4+ Kc5 90. Rg5+ Kd4 91. Rg4+ Ke5 0-1

[Event "HUN-chT2 Charousek 1314"]
[Site "Hungary"]
[Date "2013.09.22"]
[Round "2"]
[White "Amrein, Roland"]
[Black "Martini, Balazs"]
[Result "0-1"]
[WhiteElo "2236"]
[BlackElo "2305"]
[PlyCount "72"]
[EventDate "2013.09.08"]
[EventType "team-tourn"]
[EventRounds "11"]
[EventCountry "HUN"]
[SourceTitle "EXT 2016"]
[Source "ChessBase"]
[SourceDate "2015.10.08"]
[SourceVersion "1"]
[SourceVersionDate "2015.10.08"]
[SourceQuality "1"]
[WhiteTeam "Komlo Banyasz"]
[BlackTeam "Budapest HUSI"]
[WhiteTeamCountry "HUN"]
[BlackTeamCountry "HUN"]

1. e4 c5 2. Nf3 Nc6 3. d4 cxd4 4. Nxd4 e5 5. Nb5 d6 6. N1c3 a6 7. Na3 b5 8. Nd5 Nge7 9. c4 Nxd5 10. exd5 Nd4 11. cxb5 Be7 12. Bd3 0-0 13. 0-0 f5 14. bxa6 f4 15. Nc2 Nf5 16. Nb4 Nh4 17. Be4 Qe8 18. Bd2 f3 19. g3 Qh5 20. Re1 Ng2 21. Nc6 Bh4 22. Bd3 Nxe1 23. Qxe1 Bxa6 24. Bxa6 Rxa6 25. Qf1 Ra4 26. b4 Bg5 27. Bc3 e4 28. Qd1 Ra3 29. Bb2 Rd3 30. Qf1 Rd2 31. Bd4 e3 32. h4 Rxf2 33. Qh3 Rd2 34. Qe6+ Kh8 35. Qxd6 f2+ 36. Kf1 Qe2+ 0-1

[Event "HUN-chT2 Asztalos 1112"]
[Site "Hungary"]
[Date "2012.03.11"]
[Round "7.1"]
[White "Amrein, Roland"]
[Black "Kele, Karoly"]
[Result "1-0"]
[WhiteElo "2202"]
[BlackElo "2151"]
[PlyCount "105"]
[EventDate "2011.09.25"]
[EventType "team-tourn"]
[EventRounds "11"]
[EventCountry "HUN"]
[SourceTitle "EXT 2013"]
[Source "ChessBase"]
[SourceDate "2012.11.22"]
[SourceVersion "1"]
[SourceVersionDate "2012.11.22"]
[SourceQuality "1"]
[WhiteTeam "Dombovar"]
[BlackTeam "Pecs Karmin"]
[WhiteTeamCountry "HUN"]
[BlackTeamCountry "HUN"]

1. e4 c5 2. Nf3 d6 3. d4 cxd4 4. c3 d3 5. Bxd3 Nc6 6. c4 g6 7. Nc3 Bg7 8. 0-0 Nf6 9. b3 0-0 10. Be3 Bd7 11. Rc1 Rc8 12. Qd2 b6 13. Nd5 Ne8 14. Bg5 Nc7 15. Rfd1 Ne6 16. Bh6 Nc5 17. Bxg7 Kxg7 18. Bc2 f6 19. b4 Ne6 20. a3 Ne5 21. Nxe5 fxe5 22. Bd3 Rf7 23. Bf1 Qf8 24. h4 Nf4 25. Re1 Be6 26. Ne3 Nh5 27. g3 Nf6 28. Bd3 Nd7 29. Kg2 Kg8 30. Rh1 Qg7 31. Rcf1 Nf6 32. Qd1 Nh5 33. Be2 Nf6 34. Qb1 h6 35. Rc1 Nd7 36. Rc2 Rcf8 37. Rf1 Nf6 38. Rc3 Nd7 39. Qc1 Nf6 40. Qc2 Rc8 41. Rc1 Nd7 42. Qa4 Qf8 43. f3 Ra8 44. Nd5 Qd8 45. Qa6 Qc8 46. Qa4 Qb7 47. c5 bxc5 48. Ba6 Qb8 49. Qc6 Nb6 50. bxc5 Bd7 51. Qb7 dxc5 52. Rxc5 Qf8 53. Nxb6 1-0

[Event "HUN-chT2 Charousek 1011"]
[Site "Hungary"]
[Date "2011.05.01"]
[Round "10"]
[White "Novak, Attila Robert"]
[Black "Amrein, Roland"]
[Result "0-1"]
[WhiteElo "2152"]
[BlackElo "2202"]
[PlyCount "96"]
[EventDate "2010.09.12"]
[EventType "team-tourn"]
[EventRounds "11"]
[EventCountry "HUN"]
[SourceTitle "EXT 2012"]
[Source "ChessBase"]
[SourceDate "2011.11.24"]
[SourceVersion "1"]
[SourceVersionDate "2011.11.24"]
[SourceQuality "1"]
[WhiteTeam "Balatonfuered"]
[BlackTeam "Pannonpower"]
[WhiteTeamCountry "HUN"]
[BlackTeamCountry "HUN"]

1. d4 Nf6 2. c4 g6 3. Nc3 Bg7 4. e4 0-0 5. f3 d6 6. Be3 c5 7. Nge2 Nc6 8. Qd2 cxd4 9. Nxd4 Nxd4 10. Bxd4 Be6 11. Be2 Qa5 12. 0-0 Rfc8 13. b3 a6 14. Rfd1 Rab8 15. Rac1 b5 16. cxb5 axb5 17. Nxb5 Rxb5 18. Rxc8+ Bxc8 19. Bxb5 Qxb5 20. Rc1 Ba6 21. h3 h5 22. Rb1 Bc8 23. a4 Qb7 24. b4 Nxe4 25. fxe4 Qxe4 26. Rd1 e5 27. Bb6 Bb7 28. a5 Bh6 29. Qb2 d5 30. Qb1 Qc4 31. b5 d4 32. a6 Be3+ 33. Kh1 Bxg2+ 34. Kxg2 Qe2+ 35. Kh1 Qf3+ 36. Kh2 Qf2+ 37. Kh1 Qf3+ 38. Kh2 Bf4+ 39. Kg1 Qg3+ 40. Kf1 Qxh3+ 41. Ke2 Qe3+ 42. Kf1 Qf3+ 43. Kg1 Be3+ 44. Kh2 Qf2+ 45. Kh1 Qh4+ 46. Kg2 Qg4+ 47. Kh2 Bf4+ 48. Kh1 Qh3+ 0-1

[Event "Harkany Tenkes Cup 33rd"]
[Site "Harkany"]
[Date "2009.12.01"]
[Round "6"]
[White "Vartsaba, Alexander"]
[Black "Amrein, Roland"]
[Result "1-0"]
[WhiteElo "2091"]
[BlackElo "2242"]
[PlyCount "197"]
[EventDate "2009.11.26"]
[EventType "swiss"]
[EventRounds "9"]
[EventCountry "HUN"]
[SourceTitle "EXT 2011"]
[Source "ChessBase"]
[SourceDate "2010.11.26"]
[SourceVersion "1"]
[SourceVersionDate "2010.11.26"]
[SourceQuality "1"]

1. Nf3 Nf6 2. c4 g6 3. Nc3 Bg7 4. g3 0-0 5. Bg2 d6 6. 0-0 e5 7. e4 Be6 8. b3 Nc6 9. Bb2 Nd4 10. Nxd4 exd4 11. Nd5 Nh5 12. Bf3 c6 13. Bxh5 cxd5 14. Bg4 dxc4 15. Bxe6 fxe6 16. bxc4 Qb6 17. Rb1 Qa5 18. Qb3 Rf7 19. Qd3 e5 20. Ba3 Qa6 21. Rb3 Rc8 22. Rc1 Rfc7 23. Rb5 Bf8 24. f4 Rxc4 25. Rcb1 d5 26. Bxf8 Rc1+ 27. Kg2 Kxf8 28. fxe5 Rxb1 29. Qf3+ Kg8 30. Rxb1 Rf8 31. Qg4 h5 32. Qd7 Qe2+ 33. Kh3 g5 34. Qxd5+ Kh8 35. Qd7 b6 36. Qe6 Qxe4 37. Qh6+ Qh7 38. Qxh7+ Kxh7 39. Re1 Kg6 40. Kg2 Rd8 41. e6 Kf6 42. e7 Re8 43. Rf1+ Ke6 44. Re1+ Kd6 45. Kf3 b5 46. h4 g4+ 47. Kf4 Rxe7 48. Rxe7 Kxe7 49. Ke5 Kd7 50. Kd5 Kc7 51. Kc5 a6 52. d3 Kb7 53. Kxd4 Kc6 54. Ke5 a5 55. d4 b4 56. Ke6 a4 57. d5+ Kb7 58. d6 b3 59. axb3 axb3 60. d7 b2 61. d8Q b1Q 62. Qd5+ Kc8 63. Qc5+ Kb7 64. Qxh5 Qe4+ 65. Qe5 Qg6+ 66. Kd5 Qd3+ 67. Kc5 Qc2+ 68. Kd4 Qf2+ 69. Qe3 Qf6+ 70. Kd3 Qd6+ 71. Ke2 Qg6 72. Qb3+ Kc7 73. Qc4+ Kb6 74. Qd4+ Kb7 75. Ke3 Kb8 76. Kf4 Kc8 77. Qc5+ Kb7 78. Qg5 Qd6+ 79. Kxg4 Qd1+ 80. Kf4 Qd2+ 81. Kf5 Qd5+ 82. Kg6 Qg8+ 83. Kf5 Qf7+ 84. Kg4 Qe6+ 85. Qf5 Qc4+ 86. Kh5 Qe2+ 87. g4 Ka6 88. Kh6 Ka7 89. g5 Ka8 90. g6 Qe3+ 91. Qg5 Qe6 92. Kh7 Qe4 93. h5 Qc2 94. h6 Qd3 95. Kh8 Qc2 96. g7 Qc3 97. h7 Qd4 98. Qe7 Kb8 99. Kg8 1-0

[Event "Harkany Tenkes Cup 33rd"]
[Site "Harkany"]
[Date "2009.11.29"]
[Round "4"]
[White "Szabo, Zsolt Jozsef"]
[Black "Amrein, Roland"]
[Result "1/2-1/2"]
[WhiteElo "2431"]
[BlackElo "2242"]
[PlyCount "25"]
[EventDate "2009.11.26"]
[EventType "swiss"]
[EventRounds "9"]
[EventCountry "HUN"]
[SourceTitle "EXT 2011"]
[Source "ChessBase"]
[SourceDate "2010.11.26"]
[SourceVersion "1"]
[SourceVersionDate "2010.11.26"]
[SourceQuality "1"]

1. e4 c5 2. Nf3 Nc6 3. d4 cxd4 4. Nxd4 Nf6 5. Nc3 e5 6. Ndb5 d6 7. Bg5 a6 8. Na3 b5 9. Bxf6 gxf6 10. Nd5 f5 11. g3 fxe4 12. Bg2 Be6 13. Bxe4 1/2-1/2

[Event "Harkany Tenkes Cup 33rd"]
[Site "Harkany"]
[Date "2009.11.27"]
[Round "2"]
[White "Wirig, Anthony"]
[Black "Amrein, Roland"]
[Result "1-0"]
[WhiteElo "2484"]
[BlackElo "2242"]
[PlyCount "61"]
[EventDate "2009.11.26"]
[EventType "swiss"]
[EventRounds "9"]
[EventCountry "HUN"]
[SourceTitle "EXT 2011"]
[Source "ChessBase"]
[SourceDate "2010.11.26"]
[SourceVersion "1"]
[SourceVersionDate "2010.11.26"]
[SourceQuality "1"]

1. c4 Nf6 2. Nc3 g6 3. Nf3 Bg7 4. e4 d6 5. d4 0-0 6. Be2 Na6 7. 0-0 e5 8. Be3 Ng4 9. Bg5 f6 10. Bh4 Qe7 11. h3 Nh6 12. c5 Rd8 13. Nd5 Qf7 14. Bc4 Be6 15. Qb3 Kh8 16. Qxb7 c6 17. Qxa6 cxd5 18. exd5 Bxd5 19. Bxd5 Qxd5 20. dxe5 g5 21. exf6 Bxf6 22. Rfd1 Qxc5 23. Rac1 Qf5 24. Bg3 Nf7 25. Qb7 Kg8 26. Rd5 Qg6 27. b3 Bb2 28. Rcd1 Ba3 29. Nd4 Rab8 30. Qa6 Bc5 31. Nc6 1-0

[Event "HUN-chT2 Charousek 0910"]
[Site "Hungary"]
[Date "2009.11.22"]
[Round "2"]
[White "Kadlicsko, Jozsef"]
[Black "Amrein, Roland"]
[Result "0-1"]
[WhiteElo "2101"]
[BlackElo "2242"]
[PlyCount "72"]
[EventDate "2009.11.08"]
[EventType "team-tourn"]
[EventRounds "11"]
[EventCountry "HUN"]
[SourceTitle "EXT 2011"]
[Source "ChessBase"]
[SourceDate "2010.11.26"]
[SourceVersion "1"]
[SourceVersionDate "2010.11.26"]
[SourceQuality "1"]
[WhiteTeam "Fehervar"]
[BlackTeam "Pannonpower"]
[WhiteTeamCountry "HUN"]
[BlackTeamCountry "HUN"]

1. d4 Nf6 2. Nf3 g6 3. g3 Bg7 4. Bg2 0-0 5. c4 d6 6. Nc3 Nbd7 7. 0-0 e5 8. e3 c6 9. b3 Re8 10. Ba3 Qa5 11. Qc1 e4 12. Nd2 d5 13. b4 Qa6 14. b5 Qa5 15. Qb2 a6 16. Bb4 Qd8 17. a4 c5 18. Ba3 cxd4 19. exd4 Nb6 20. cxd5 e3 21. fxe3 Nfxd5 22. Nce4 Nxe3 23. Nd6 Nf5 24. Nxf5 Bxf5 25. Nf3 Nxa4 26. Qb4 axb5 27. Rad1 Qb6 28. Kh1 Bc2 29. Rd2 Rac8 30. d5 Rc4 31. Qd6 Qe3 32. Qd7 Rec8 33. Re1 Qxa3 34. Ng5 R4c7 35. Re8+ Bf8 36. Qxb5 Rxe8 0-1